1055 1867 1939 1486 1075 1696 1857 1705 1859 1237 1663 1076 1676 1305 1783 1103 1631 1340 1537 1201 1464 1190 1076 1067 1715 1952 1532 1526 1872 1637 1523 1492 1709 1724 1659 1859 1824 1443 1945 1835 1817 1037 1813 1556 1394 1338 1932 1072 1663 1887 1722 1444 1795 1445 1399 1399 1065 1564 1999 1562 1311 1311 1731 1884 1178 1715 1516 1445 1046 1049 1168 1660 1884 1111 1343 1276 1574 1897 1970 1698 1551 1047 1571 1376 1382 1061 1874 1785 1946 1640 1570 1944 1503 1448 1621 1620 1559 1237 1160 BCNSPRNW ULIB Ver.6.0+V

เปลี่ยนเป็นภาษาไทย

Change to English
 แสดงรายละเอียดบรรณานุกรม
  กลับหน้าหลัก

Brief Record : Get Marc (ISO 2709) : E-mail record : QR code < ปิดหน้าต่าง
LEADER : 00000nam 2200000uu 4500
001    13399113259
003     ULIB
008    111004s2548||||th 000 0 tha d
020    9747738279
050  4 SB293^bพ876ผ 2548
100 0  กัญจนา ดีวิเศษ
245 00 ผักพื้นบ้านภาคกลาง /^cบรรณาธิการ กัญจนา ดีวิเศษ
250    พิมพ์ครั้งที่ 2
260    นนทบุรี :^bสถาบันการแพทย์แผนไทย,^c2548
300    279 หน้า :^bภาพประกอบสี,^c2548
650  4 ผัก^zไทย (ภาคกลาง)
650  4 พฤกษศาสตร์^zไทย (ภาคกลาง)
700 0  กัญจนา ดีวิเศษ,^eบรรณาธิการ
710 2  สถาบันการแพทย์แผนไทย
945    ^p350^l0^i018963
995    ทศพร
999 ^a ทศพร
รายการนี้ยังไม่มีแท็ก
คุณยังไม่ได้ล็อกอิน คุณสามารถมีกิจกรรมร่วมกับเว็บไซต์ได้ แต่ต้องล็อกอินก่อน ::
  ล็อกอิน

รายการสื่อสารสนเทศ

ลำดับที่ ประเภท เลขเรียก/บาร์โค้ด สถานที่ สถานะ
- ไม่พบข้อมูล -

รายการใกล้เคียง
    ผู้แต่ง [กัญจนา ดีวิเศษ]

BibComment


ยังไม่เคยถูกคอมเมนท์

คอมเมนท์ทรัพยากรรายการนี้
  คอมเมนท์: ผักพื้นบ้านภาคกลา..


 Copyright 2026. Bcnsprnw @Library